| 000 | 00364nam a2200157Ia 4500 | ||
|---|---|---|---|
| 100 | _aLeventhal/Roy/ Green/L | ||
| 650 | _aSemiconductor | ||
| 942 | _cRB | ||
| 366 | _f25 | ||
| 654 | _asemiconductor | ||
| 245 | _aSemiconductor modeling:For simulation | ||
| 260 |
_bSpringer _c2006 |
||
| 082 |
_a621.3815 _bLEV |
||
| 300 | _a766 | ||
| 546 |
_aENGLISH _cPAMPHALETS |
||
| 999 |
_c33600 _d33600 |
||